000 00428nam a22001817a 4500
003 CEME
005 20210628210106.0
008 210211b xxu||||| |||| 00| 0 eng d
020 _a0-7680-0312-1
040 _c.
082 _a629.2-SAE SIE
100 _aSae
_910194
245 _aSi emissions sp-1398
260 _aU
_bSAE
_c1998
300 _a108P
650 _aEMISSIONS CONTROL SYSTEM.SP-1398
_978112
942 _cBK
_2ddc
999 _c583262
_d583262